[Event "Ustron op-C"]
[Site "Ustron"]
[Date "2021.08.14"]
[Round "2"]
[White "Golab, Marek"]
[Black "Zielinski, Marcin"]
[Result "1-0"]
[WhiteElo "1334"]
[BlackElo "1545"]
[PlyCount "85"]
[EventDate "2021.08.13"]
[EventType "swiss"]
[EventRounds "9"]
[EventCountry "POL"]
[SourceTitle "EXT 2022"]
[Source "ChessBase"]
[SourceDate "2021.10.06"]
[SourceVersion "1"]
[SourceVersionDate "2021.10.06"]
[SourceQuality "1"]

1. d4 c6 2. c4 d5 3. Bf4 Nf6 4. e3 e6 5. Bd3 Bd6 6. Bg3 dxc4 7. Bxc4 b5 8. Bd3 0-0 9. Nf3 Bb7 10. Nbd2 a6 11. Bxd6 Qxd6 12. Nb3 Nbd7 13. Rc1 a5 14. 0-0 Qe7 15. Qe2 e5 16. dxe5 Nxe5 17. Nxe5 Qxe5 18. Rc5 Qe7 19. Rfc1 Nd7 20. R5c2 Ne5 21. Nd4 Rfd8 22. Be4 c5 23. Bxb7 cxd4 24. exd4 Qxb7 25. Qxe5 Rac8 26. d5 Rxc2 27. Rxc2 Qd7 28. Rc7 Rc8 29. Rxc8+ Qxc8 30. g3 Kf8 31. Kg2 Qd7 32. Qb8+ Ke7 33. Qe5+ Kf8 34. d6 f6 35. Qd5 a4 36. b3 g6 37. h3 axb3 38. axb3 f5 39. Kf3 Kg7 40. Kf4 h6 41. Ke5 Kf8 42. Qe6 Qg7+ 43. Qf6+ 1-0